ARRUPE JESUIT UNIVERSITY

CORONAVIRUS -STOP THE SPREAD - CLEAN,DISINFECT,COVER

A treatise of human nature / (Record no. 131769)

MARC details
000 -LEADER
fixed length control field 01152cam a2200313 i 4500
001 - CONTROL NUMBER
control field 832612
003 - CONTROL NUMBER IDENTIFIER
control field ARRUPE
005 - DATE AND TIME OF LATEST TRANSACTION
control field 20240206095055.0
008 - FIXED-LENGTH DATA ELEMENTS--GENERAL INFORMATION
fixed length control field 771208s1978 enk 001 0 eng
010 ## - LIBRARY OF CONGRESS CONTROL NUMBER
LC control number 77030415
015 ## - NATIONAL BIBLIOGRAPHY NUMBER
National bibliography number GB78
020 ## - INTERNATIONAL STANDARD BOOK NUMBER
International Standard Book Number 0198245874.
-- 0198245882
Terms of availability £2.95
040 ## - CATALOGING SOURCE
Original cataloging agency DLC
Transcribing agency DLC
Modifying agency DLC
050 00 - LIBRARY OF CONGRESS CALL NUMBER
Classification number B1485
Item number 1978
082 00 - DEWEY DECIMAL CLASSIFICATION NUMBER
Classification number 128
300 ## - PHYSICAL DESCRIPTION
Dimensions 20 cm.
100 1# - MAIN ENTRY--PERSONAL NAME
Personal name Hume, David,
Dates associated with a name 1711-1776.
245 12 - TITLE STATEMENT
Title A treatise of human nature /
Statement of responsibility, etc by David Hume ; edited with an analytical index by L. A. Selby-Bigge.
250 ## - EDITION STATEMENT
Edition statement 2d ed. /
Remainder of edition statement with text rev. and variant readings by P. H. Nidditch.
260 ## - PUBLICATION, DISTRIBUTION, ETC. (IMPRINT)
Place of publication, distribution, etc Oxford :
Name of publisher, distributor, etc Clarendon Press ;
Place of publication, distribution, etc New York :
Name of publisher, distributor, etc Oxford University Press,
Date of publication, distribution, etc 1978.
300 ## - PHYSICAL DESCRIPTION
Extent xix, 743 p. ;
500 ## - GENERAL NOTE
General note Includes original t.p.
500 ## - GENERAL NOTE
General note Includes index.
505 0# - FORMATTED CONTENTS NOTE
Formatted contents note Book 1. Of the understanding.--Book 2. Of the passions.--Book 3. Of morals.--Abstract of the treatise.
650 #0 - SUBJECT ADDED ENTRY--TOPICAL TERM
Topical term or geographic name as entry element Knowledge, Theory of.
700 2# - ADDED ENTRY--PERSONAL NAME
Personal name Selby-Bigge, L. A.
Fuller form of name (Lewis Amherst),
Titles and other words associated with a name Sir,
Dates associated with a name 1860-1951.
9 (RLIN) 52376
700 1# - ADDED ENTRY--PERSONAL NAME
Personal name Nidditch, P. H.
9 (RLIN) 52377
906 ## - LOCAL DATA ELEMENT F, LDF (RLIN)
a 7
b cbc
c orignew
d 1
e ocip
f 19
g y-gencatlg
942 ## - ADDED ENTRY ELEMENTS (KOHA)
Source of classification or shelving scheme Library of Congress Classification
Koha item type Monograph ( Printed materials)
Holdings
Withdrawn status Lost status Source of classification or shelving scheme Damaged status Not for loan Collection code Home library Current library Shelving location Date acquired Total Checkouts Full call number Barcode Date last seen Price effective from Koha item type
    Library of Congress Classification     Main Collection ARRUPE LIBRARY ARRUPE LIBRARY Main Collection 06/02/2024   B1485 1978 46700000307 06/02/2024 06/02/2024 Monograph ( Printed materials)

 

Arrupe Library. PO Box MP320 Mt Pleasant, Harare, Zimbabwe
263 242 745411|librarian@aju.ac.zw